| 000 | 00507nam a2200133Ia 4500 | ||
|---|---|---|---|
| 001 | 84 | ||
| 008 | 241024s9999 xx 000 0 und d | ||
| 082 | _aRD/333.7/S451e | ||
| 100 | _a[*SIN AUTOR*] | ||
| 245 | 0 | _aEstudio sobre el desarrollo de capacidades para el manejo eficiente de programas de desarrollo sostenible en la zona fronteriza de la República Dominicana - Informe de avance 2. | |
| 260 |
_bAgencia de Cooperación Internacional de Japón _c2008 |
||
| 901 | _a14/1/2011 2:01:59 p.m. | ||
| 999 |
_c9692 _d9692 |
||